La cinta roja / (Registro nro. 37648)

Detalles MARC
000 -CABECERA
Longitud fija campo de control 00743cam a2200241 4500
003 - • IDENTIFICADOR DELl NÚMERO DE CONTROL
Identificador del número de control CO-ViMGA
005 - • FECHA Y HORA DE LA ÚLTIMA TRANSACCIÓN
Fecha y hora de la última transacción 20230915234240.0
008 - • CÓDIGOS DE INFORMACIÓN DE LONGITUD FIJA
Códigos de información de longitud fija 100304s2010 sp | |||| 000 f spa
020 ## - • NÚMERO INTERNACIONAL NORMALIZADO PARA LIBROS
Número Internacional Normalizado para Libros (ISBN) 9788467032758
040 ## - FUENTE DE LA CATALOGACIÓN
Centro catalogador de origen CO-ViMGA
Lengua de catalogación spa
Centro transcriptor CO-ViMGA
082 04 - • NÚMERO DE LA CLASIFICACIÓN DECIMAL DEWEY
Número de clasificación (R) U863.6
Número del ítem P67c1
100 1# - • PUNTO DE ACCESO PRINCIPAL-NOMBRE DE PERSONA
Nombre de persona Posadas, Carmen
Fechas asociadas al nombre 1953-
245 13 - • TITULO PROPIAMENTE DICHO
Título La cinta roja /
Medio [Texto impreso]
Mención de responsabilidad, etc. Carmen Posadas
250 ## - • MENCIÓN DE EDICIÓN
Mención de edición 1® ed. en Coleccion Booket
300 ## - • DESCRIPCIÓN FÍSICA
Extensión 566 p. :
Dimensiones 19 cm.
490 1# - • MENCIÓN DE SERIE
Mención de serie Novela ;
Designación de volumen o secuencia 2286
504 ## - • NOTA DE BIBLIOGRAFÍA, ETC
Nota de bibliografía, etc. Bibliografia: p. 563-564
600 17 - • PUNTO DE ACCESO ADICIONAL DE MATERIA - NOMBRE DE PERSONA
Nombre de persona Cabarrús, Teresa, princesa de Caramon-Chimay,
Fechas asociadas al nombre 1773-1835
Subdivisión de forma (R ) Novela
650 14 - • PUNTO DE ACCESO ADICIONAL DE MATERIA - TÉRMINO DE MATERIA
Término de materia o nombre geográfico como elemento inicial Novela uruguaya.
942 ## - ENTRADA DE ELEMENTOS AGREGADOS (KOHA)
Fuente de clasificaión o esquema Dewey Decimal Classification
Koha [por defecto] tipo de item LIbro
Existencias
Perdido Fuente de clasificación o esquema Estado Físico No para préstamo Forma de adquisición Localización permanente Localización actual Fecha adquisición Préstamos totales Renovaciones totales Signatura completa Código de barras Fecha última consulta Fecha último préstamo Número de copia Fecha del precio de reemplazo Tipo de item de Koha
  Dewey Decimal Classification     Sala General Segundo Piso Biblioteca Pública Germán Arciniegas - Villavicencio Biblioteca Pública Germán Arciniegas - Villavicencio 10/21/2016 1 1 U863.6 P67c1 31328 11/23/2022 10/31/2022 Ej. 1 10/21/2016 LIbro









Instituto Departamental de Cultura del Meta - Red Departamental de Bibliotecas Públicas del Meta.